[Event "International Tournament "]
[Site "Pool "]
[Date "2021.07.09"]
[Round "1.86"]
[White "Dimitrijevic, Andjela"]
[Black "Ivanovic, Marko"]
[Result "0-1"]
[WhiteElo "1882"]
[BlackElo "2245"]
[PlyCount "80"]
[EventDate "2021.07.09"]

1. e4 d6 2. d4 Nf6 3. Nc3 e5 4. Nf3 Nbd7 5. Bc4 Be7 6. O-O O-O 7. Re1 c6 8. a4
b6 9. Bg5 Qc7 10. d5 c5 11. a5 a6 12. axb6 Nxb6 13. Qe2 Nxc4 14. Qxc4 Rb8 15.
Ra2 Nh5 16. Bc1 Rb4 17. Qe2 g6 18. Qd1 f5 19. exf5 Bxf5 20. Ng5 Bxg5 21. Bxg5
Qb7 22. Bc1 Nf6 23. f3 Kg7 24. Kh1 Ra8 25. Qe2 Nxd5 26. Nxd5 Qxd5 27. Rxa6 Rxa6
28. Qxa6 Bxc2 29. Qe2 Ba4 30. Qe3 Bc6 31. Qg5 Qf7 32. Qd8 Qd5 33. Kg1 Rg4 34.
g3 Rd4 35. Rf1 Rd3 36. Qh4 h5 37. Qg5 e4 38. Qh6+ Kg8 39. b4 cxb4 40. Bb2 Qc5+
0-1

[Event "International Tournament "]
[Site "Pool "]
[Date "2021.07.09"]
[Round "1.87"]
[White "Antova, Gabriela"]
[Black "Gusev, Mikhail"]
[Result "1-0"]
[WhiteElo "2241"]
[BlackElo "1859"]
[PlyCount "69"]
[EventDate "2021.07.09"]

1. d4 Nf6 2. c4 e6 3. Nf3 Bb4+ 4. Nbd2 O-O 5. a3 Be7 6. e4 d6 7. Qc2 Nbd7 8.
Nb1 e5 9. Nc3 exd4 10. Nxd4 Re8 11. Be2 h6 12. O-O Bf8 13. Be3 c6 14. Rad1 Nc5
15. Nxc6 Qc7 16. Nxa7 Ncxe4 17. Ncb5 Qd8 18. Nxc8 Rxc8 19. Qd3 Qa5 20. b4 Qa6
21. Rfe1 Red8 22. Bd4 d5 23. c5 Ng5 24. h4 Nge4 25. Qe3 Qa4 26. Kh2 Re8 27. Qd3
Qa8 28. g3 Nd7 29. Bg4 Ne5 30. Bxe5 Rxe5 31. Bxc8 Qxc8 32. f3 Nf2 33. Qf1 Nxd1
34. Rxe5 Nb2 35. Qe2 1-0

[Event "International Tournament "]
[Site "Pool "]
[Date "2021.07.09"]
[Round "1.88"]
[White "Phatak, Aanjaneya"]
[Black "Zhukenov, Aituar"]
[Result "1-0"]
[WhiteElo "1769"]
[BlackElo "2241"]
[PlyCount "53"]
[EventDate "2021.07.09"]

1. e4 g6 2. d4 d6 3. Nf3 Bg7 4. Be3 Nc6 5. Nc3 Nf6 6. d5 Nb8 7. Qd2 c6 8. Bh6
O-O 9. Bxg7 Kxg7 10. O-O-O Bg4 11. Be2 Nbd7 12. h3 Bxf3 13. Bxf3 Qa5 14. g4 Nb6
15. Be2 Nfd7 16. h4 h6 17. f4 f6 18. Qe3 Rac8 19. g5 cxd5 20. gxh6+ Kh7 21. h5
Rxc3 22. hxg6+ Kxg6 23. Qg1+ Kf7 24. Bh5+ Ke6 25. Qg4+ f5 26. Qg6+ Rf6 27.
exf5# 1-0

[Event "International Tournament "]
[Site "Pool "]
[Date "2021.07.09"]
[Round "1.89"]
[White "Stoyanov, Viktor"]
[Black "Demir, Hilmi Mustafa"]
[Result "0-1"]
[WhiteElo "2240"]
[BlackElo "1762"]
[PlyCount "52"]
[EventDate "2021.07.09"]

1. d4 d5 2. c4 c6 3. Nf3 Nf6 4. Qc2 dxc4 5. Qxc4 Bf5 6. g3 e6 7. Bg2 Be7 8. O-O
O-O 9. e3 Nbd7 10. Rd1 Qb6 11. Qe2 Ne4 12. Ne1 Bg6 13. Nd3 Rad8 14. Nf4 Nef6
15. Nc3 e5 16. Nxg6 hxg6 17. h3 Rfe8 18. dxe5 Nxe5 19. Rxd8 Rxd8 20. e4 Bc5 21.
Na4 Bxf2+ 22. Qxf2 Rd1+ 23. Bf1 Qb4 24. Nc3 Nxe4 25. Qf4 Re1 26. Qxe5 Qb6+ 0-1

[Event "International Tournament "]
[Site "Pool "]
[Date "2021.07.09"]
[Round "1.90"]
[White "Vetokhina, Sofia"]
[Black "Maksimenko, Viktor"]
[Result "1/2-1/2"]
[WhiteElo "1706"]
[BlackElo "2239"]
[PlyCount "77"]
[EventDate "2021.07.09"]

1. d4 e6 2. c4 b6 3. Nf3 Bb7 4. g3 Bxf3 5. exf3 d5 6. cxd5 exd5 7. Nc3 c6 8.
Bh3 Nf6 9. O-O Be7 10. Bf4 O-O 11. Rc1 b5 12. Ne2 Bd6 13. Qc2 Ne8 14. Rfd1 a5
15. Bf5 g6 16. Bh3 Bxf4 17. Nxf4 Qf6 18. Qe2 Nd6 19. b3 Re8 20. Qd2 a4 21. Kg2
axb3 22. axb3 Ra7 23. Qb2 Rae7 24. Qc3 g5 25. Nd3 Re2 26. Re1 Rxe1 27. Rxe1
Rxe1 28. Nxe1 h5 29. Nd3 Qd8 30. Qc5 f5 31. Kg1 g4 32. Bg2 Nc8 33. Ne5 Ne7 34.
Qc1 Kh7 35. Qg5 Qe8 36. Qf6 Nd7 37. Nxd7 Qxd7 38. Qf7+ Kh6 39. Qf6+ 1/2-1/2